1321 1437 1931 1447 1768 1321 1321 1135 1866 1403 1263 1193 1132 1848 1602 1623 1958 1763 1570 1471 1053 1383 1695 1950 1062 1705 1340 1220 1515 1482 1313 1040 1163 1158 1013 1071 1423 1442 1973 1677 1745 1360 1279 1558 1649 1913 1144 1232 1757 1041 1021 1837 1568 1561 1671 1575 1620 1502 1516 1695 1100 1126 1560 1553 1750 1087 1708 1215 1203 1816 1014 1291 1326 1534 1854 1007 1836 1198 1494 1713 1345 1015 1725 1328 1005 1804 1534 1654 1888 1703 1417 1695 1845 1649 1643 1583 1162 1041 1828 BCNSPRNW ULIB Ver.6.0+V

เปลี่ยนเป็นภาษาไทย

Change to English
 แสดงรายละเอียดบรรณานุกรม
  กลับหน้าหลัก

Brief Record : Get Marc (ISO 2709) : E-mail record : QR code < ปิดหน้าต่าง
LEADER : 00000nam 2200000uu 4500
001    13399123021
003     ULIB
008    131128s2555||||th 000 0 tha d
020    ^a97861621425635
090    ^aนว^bพ187พ ล.20
100 0  ^aพนมเทียน
245 10 ^aเพชรพระอุมา: ป่าโลกล้านปี เล่ม 4/^cพนมเทียน
250    ^aพิมพ์รวมเล่มครั้งที่ 6
260    ^aกรุงเทพฯ :^bณ บ้านวรรณกรรม,^c2555
300    ^a414 หน้า
505 00 ^a^gล.1-4^tไพรมหากาฬ --^gล.5-8^tดงมรณะ -- ^gล.9-12^tจอมผีดิบมันตรัย -- ^gล.13-16^tอาถรรพณ์นิทรานคร -- ^gล.17-20^tป่าโลกล้านปี -- ^gล.21-24^tแงซายจอมจักรา -- ^gล.25-28^tจอมพราน -- ^gล.29-32^tไอ้งาดำ -- ^gล.33-36^tจิตรางคนางค์-- ^gล.37-40^tนาคเทวี -- ^gล.41-44^tแด่ปางบรรพ์ -- ^gล.45-48^tมงกุฎไพร
650  4 ^aนวนิยายไทย
945    ^p225^l0^i034224
999    ^aเกษร โพธิ์สุวรรณ
รายการนี้ยังไม่มีแท็ก
คุณยังไม่ได้ล็อกอิน คุณสามารถมีกิจกรรมร่วมกับเว็บไซต์ได้ แต่ต้องล็อกอินก่อน ::
  ล็อกอิน

รายการสื่อสารสนเทศ

ลำดับที่ ประเภท เลขเรียก/บาร์โค้ด สถานที่ สถานะ
1. นวนิยาย
นวนิยาย
นว พ187พ ล.20  
  Barcode: 034224
ห้องสมุดวิทยาเขตสวรรค์ประชารักษ์
►นวนิยาย
บนชั้น
  ขอยืม

รายการใกล้เคียง
    ผู้แต่ง [พนมเทียน]

    หัวเรื่อง [นวนิยายไทย]

BibComment


ยังไม่เคยถูกคอมเมนท์

คอมเมนท์ทรัพยากรรายการนี้
  คอมเมนท์: เพชรพระอุมา ป่าโ..


 Copyright 2026. Bcnsprnw @Library